[Event "DEM U14w 2008"]
[Site "Willingen GER"]
[Date "2008.05.11"]
[Round "1"]
[White "Plumbaum, Nadja"]
[Black "Kühnel, Lena"]
[Result "0-1"]
[Termination "normal"]
[Board "6"]
[WhiteElo "1404"]
[BlackElo "1672"]
[PlyCount "66"]
[WhiteFideId "24691941"]
[BlackFideId "24640956"]
[EventCountry "GER"]
[EventRounds "9"]
[EventType "swiss"]
[EventDate "2008.05.10"]

1. c4 e5 2. Nc3 Nf6 3. g3 d5 4. cxd5 Nxd5 5. Bg2 Nb6 6. Nf3 Nc6 7. d3 Be7 8.
O-O O-O 9. a3 a5 10. Bd2 Be6 11. Qc2 f6 12. Rab1 Nd5 13. Rfc1 Rf7 14. Nxd5 Bxd5
15. b4 axb4 16. axb4 Bf8 17. e3 Rd7 18. Ne1 Bxg2 19. Kxg2 Kh8 20. Bc3 b5 21.
Qd2 Be7 22. Ba1 Nb8 23. d4 Ra4 24. Nd3 Na6 25. Bc3 exd4 26. Bxd4 Qf8 27. Nc5
Nxc5 28. bxc5 Bxc5 29. Bxc5 Qa8+ 30. Kg1 Rxd2 31. Bb4 Rd7 32. Rc5 Rxb4 33. Rxb4
Rd1# 0-1

[Event "DEM U14w 2008"]
[Site "Willingen GER"]
[Date "2008.05.11"]
[Round "1"]
[White "Schätz, Annika"]
[Black "Rozenfeld, Elisabeth"]
[Result "1-0"]
[Termination "normal"]
[Board "7"]
[WhiteElo "1729"]
[BlackElo "1372"]
[PlyCount "51"]
[WhiteFideId "24674796"]
[BlackFideId "4624742"]
[EventCountry "GER"]
[EventRounds "9"]
[EventType "swiss"]
[EventDate "2008.05.10"]

1. e4 e5 2. Nf3 Nc6 3. Bc4 Nf6 4. d4 exd4 5. O-O d5 6. exd5 Nxd5 7. Re1+ Be7 8.
Nxd4 Nxd4 9. Qxd4 Be6 10. Qxg7 Bf6 11. Qg4 Qe7 12. Qf3 O-O-O 13. Nc3 Nxc3 14.
bxc3 Kb8 15. Bxe6 fxe6 16. Rb1 c6 17. Qxc6 Rd6 18. Bf4 e5 19. Bxe5 Bxe5 20.
Rxe5 Rd1+ 21. Rxd1 Qxe5 22. Qd6+ Qxd6 23. Rxd6 Re8 24. Kf1 Rc8 25. Rd3 Kc7 26.
f4 1-0

[Event "DEM U14w 2008"]
[Site "Willingen GER"]
[Date "2008.05.11"]
[Round "1"]
[White "Friese, Sarah"]
[Black "Kostré, Margarita"]
[Result "0-1"]
[Termination "normal"]
[Board "8"]
[WhiteElo "1338"]
[BlackElo "1752"]
[PlyCount "52"]
[WhiteFideId "24691950"]
[BlackFideId "4673344"]
[EventCountry "GER"]
[EventRounds "9"]
[EventType "swiss"]
[EventDate "2008.05.10"]

1. e4 e5 2. Nf3 Nc6 3. Bb5 a6 4. Ba4 d6 5. O-O Bg4 6. h3 h5 7. d4 b5 8. Bb3
Nxd4 9. hxg4 Nxb3 10. axb3 hxg4 11. Ng5 Qd7 12. f3 d5 13. Be3 d4 14. Bd2 d3 15.
Be3 Qc6 16. cxd3 f6 17. fxg4 fxg5 18. Qf3 O-O-O 19. Rc1 Qh6 20. Qf5+ Kb8 21.
Qxe5 Bd6 22. Qxg5 Qh1+ 23. Kf2 Rf8+ 24. Ke2 Qxg2+ 25. Bf2 Qxf2+ 26. Kd1 Rh1#
0-1

[Event "DEM U14w 2008"]
[Site "Willingen GER"]
[Date "2008.05.11"]
[Round "1"]
[White "Zimmerer, Leah"]
[Black "Pohl, Theresa"]
[Result "0-1"]
[Termination "normal"]
[Board "9"]
[WhiteElo "1590"]
[BlackElo "1337"]
[PlyCount "70"]
[WhiteFideId "4620240"]
[EventCountry "GER"]
[EventRounds "9"]
[EventType "swiss"]
[EventDate "2008.05.10"]

1. e4 e6 2. d4 d5 3. Nc3 Bb4 4. e5 c5 5. a3 Ba5 6. Be3 Nc6 7. Nge2 cxd4 8. Bxd4
Nxd4 9. Qxd4 Ne7 10. Qg4 Nf5 11. b4 Bc7 12. f4 h5 13. Qf3 g5 14. g3 h4 15. Bg2
a6 16. Qd3 Bd7 17. a4 Bb6 18. a5 Ba7 19. Nd1 Bb5 20. Qd2 Rc8 21. g4 Nh6 22.
fxg5 Nxg4 23. h3 Nxe5 24. c3 Rg8 25. Ne3 Qxg5 26. Ng4 Nxg4 27. Qxg5 Rxg5 28.
hxg4 Rxg4 29. Bf3 Bxe2 30. Bxe2 Re4 31. Kd2 Be3+ 32. Kc2 Bd4 33. Kd3 Rxc3+ 34.
Kd2 Rce3 35. Bf1 Bxa1 0-1

[Event "DEM U14w 2008"]
[Site "Willingen GER"]
[Date "2008.05.11"]
[Round "1"]
[White "Orhan, Eda"]
[Black "Schäfer, Ann-Kathrin"]
[Result "1/2-1/2"]
[Termination "normal"]
[Board "11"]
[WhiteElo "1534"]
[BlackElo "1673"]
[PlyCount "55"]
[WhiteFideId "24659258"]
[BlackFideId "24615412"]
[EventCountry "GER"]
[EventRounds "9"]
[EventType "swiss"]
[EventDate "2008.05.10"]

1. d4 e6 2. Nf3 d5 3. e3 Nf6 4. Bd3 Be7 5. Nbd2 Nbd7 6. O-O O-O 7. b3 b6 8. Bb2
Bb7 9. Ne5 Nxe5 10. dxe5 Ne4 11. f4 Bc5 12. Qe2 Nxd2 13. Qxd2 d4 14. e4 Be7 15.
Qe2 c5 16. Qg4 Qc7 17. Rae1 Rac8 18. Qg3 Qc6 19. f5 exf5 20. exf5 Bh4 21. Qg4
Bxe1 22. Rxe1 f6 23. exf6 Rxf6 24. Re7 Rf7 25. Bc4 Rcf8 26. Bxf7+ Rxf7 27. Re6
Qd7 28. Bc1 1/2-1/2

[Event "DEM U14w 2008"]
[Site "Willingen GER"]
[Date "2008.05.11"]
[Round "1"]
[White "Brühan, Caren"]
[Black "Marx, Inga"]
[Result "1-0"]
[Termination "normal"]
[Board "12"]
[WhiteElo "1221"]
[BlackElo "1530"]
[PlyCount "91"]
[WhiteFideId "24691976"]
[BlackFideId "4654749"]
[EventCountry "GER"]
[EventRounds "9"]
[EventType "swiss"]
[EventDate "2008.05.10"]

1. Nf3 d5 2. d4 Nf6 3. Bf4 Bf5 4. e3 Nbd7 5. c4 e6 6. Nc3 Be7 7. Qb3 dxc4 8.
Bxc4 Nb6 9. O-O O-O 10. Rad1 c6 11. h3 a5 12. a4 Nxc4 13. Qxc4 Qd7 14. Ne5 Qd8
15. Qb3 Bb4 16. Na2 Qe7 17. Bg5 Be4 18. Nxb4 Qxb4 19. Qxb4 axb4 20. Bxf6 gxf6
21. Nd7 Bc2 22. Nxf8 Bxd1 23. Nxh7 Kxh7 24. Rxd1 Rxa4 25. Rc1 Ra2 26. Rc2 b3
27. Rd2 Ra1+ 28. Kh2 Ra2 29. Kg3 b6 30. Kf4 Kg6 31. Ke4 Ra1 32. Rd3 Rg1 33. Kf3
c5 34. dxc5 bxc5 35. Rxb3 Rb1 36. Rc3 Rxb2 37. Rxc5 Rd2 38. g4 e5 39. Kg3 Rd1
40. Kg2 Rd8 41. h4 Rg8 42. Kg3 Kh7 43. f4 f5 44. g5 exf4+ 45. Kxf4 Rb8 46. Rxf5
1-0

[Event "DEM U14w 2008"]
[Site "Willingen GER"]
[Date "2008.05.11"]
[Round "2"]
[White "Schätz, Annika"]
[Black "Klek, Hanna-Marie"]
[Result "0-1"]
[Termination "normal"]
[Board "1"]
[WhiteElo "1729"]
[BlackElo "1919"]
[PlyCount "114"]
[WhiteFideId "24674796"]
[BlackFideId "24670057"]
[EventCountry "GER"]
[EventRounds "9"]
[EventType "swiss"]
[EventDate "2008.05.10"]

1. e4 c5 2. Nf3 d6 3. d4 cxd4 4. Nxd4 Nf6 5. Nc3 a6 6. Bg5 e6 7. f4 Nbd7 8. Qf3
Qc7 9. O-O-O b5 10. g4 b4 11. Nce2 Bb7 12. Ng3 Rc8 13. Bd3 Be7 14. Rhg1 h6 15.
Bxf6 Bxf6 16. Nde2 Nc5 17. Nh5 b3 18. Nxf6+ gxf6 19. axb3 Nxb3+ 20. Kb1 Nc5 21.
Qe3 Nxd3 22. Qxd3 Qc4 23. Nc3 Qxd3 24. Rxd3 Ke7 25. Rgd1 Rc6 26. f5 a5 27. R3d2
Ba6 28. Ne2 Bxe2 29. Rxe2 Rg8 30. h3 Rb8 31. Kc1 Rb3 32. c3 a4 33. Rd3 a3 34.
bxa3 Rxa3 35. Kb2 Rca6 36. Red2 Ra2+ 37. Kb3 R6a3+ 38. Kb4 Ra4+ 39. Kb3 Rxd2
40. Rxd2 Rxe4 41. fxe6 fxe6 42. Rd3 h5 43. gxh5 Rh4 44. Kc2 Rxh5 45. Kd2 e5 46.
Ke2 Ke6 47. Rg3 Rh4 48. Kd3 d5 49. Ke3 Rh6 50. Kf2 e4 51. Kg2 Kf5 52. Kf2 Rg6
53. Re3 Kf4 54. h4 Rh6 55. Rh3 Rh5 56. Ke2 Kg4 57. Rh2 Rxh4 0-1

[Event "DEM U14w 2008"]
[Site "Willingen GER"]
[Date "2008.05.11"]
[Round "2"]
[White "Schulz, Anja"]
[Black "Schätz, Bianca"]
[Result "1-0"]
[Termination "normal"]
[Board "2"]
[WhiteElo "1863"]
[BlackElo "1311"]
[PlyCount "119"]
[WhiteFideId "24647845"]
[BlackFideId "24655821"]
[EventCountry "GER"]
[EventRounds "9"]
[EventType "swiss"]
[EventDate "2008.05.10"]

1. e4 c5 2. Nf3 Nc6 3. d4 cxd4 4. Nxd4 g6 5. Nc3 Bg7 6. Be3 Nf6 7. Bc4 Qa5 8.
O-O O-O 9. a3 d6 10. h3 Bd7 11. Qd2 Nxd4 12. Bxd4 a6 13. Qe3 Qc7 14. Bb3 Bc6
15. Rfe1 Nd7 16. Bxg7 Kxg7 17. Rad1 Nc5 18. Ba2 e5 19. Nd5 Bxd5 20. Rxd5 Rfd8
21. f4 Na4 22. Bb3 Nb6 23. Rdd1 Nc4 24. Qc3 Rac8 25. Kh1 f6 26. Rf1 Na5 27.
Qxc7+ Rxc7 28. fxe5 fxe5 29. Rd2 Nc4 30. Rdf2 Rdd7 31. Rf8 Nxb2 32. Rg8+ Kh6
33. g4 Rg7 34. g5+ Kxg5 35. Rxg7 Rxg7 36. Rb1 Kf4 37. Rxb2 Kxe4 38. Rb1 Kd4 39.
Rd1+ Kc5 40. Kg2 Re7 41. Kf3 Rd7 42. Ke4 Rd8 43. Rd3 Kb6 44. Kd5 Kc7 45. a4 Kd7
46. a5 Rc8 47. Ke4 Rc5 48. Rf3 Rxa5 49. Rf7+ Kc6 50. Rxh7 Rc5 51. Rg7 a5 52.
Rxg6 b5 53. Rg8 a4 54. Be6 Kb7 55. Kd3 d5 56. h4 a3 57. h5 a2 58. Rg1 b4 59. h6
Rc7 60. Bxd5+ 1-0

[Event "DEM U14w 2008"]
[Site "Willingen GER"]
[Date "2008.05.11"]
[Round "2"]
[White "Kostré, Margarita"]
[Black "Stark, Saskia"]
[Result "1/2-1/2"]
[Termination "normal"]
[Board "3"]
[WhiteElo "1752"]
[BlackElo "1926"]
[PlyCount "67"]
[WhiteFideId "4673344"]
[BlackFideId "4601050"]
[EventCountry "GER"]
[EventRounds "9"]
[EventType "swiss"]
[EventDate "2008.05.10"]

1. e4 c5 2. Nf3 e6 3. d4 cxd4 4. Nxd4 Nc6 5. c4 a6 6. Be2 Nge7 7. Nc3 Nxd4 8.
Qxd4 Nc6 9. Qd3 Qc7 10. O-O Be7 11. Be3 b6 12. f4 O-O 13. Rf3 Rb8 14. e5 Nb4
15. Qb1 d6 16. a3 Nc6 17. Rh3 g6 18. exd6 Qxd6 19. Qd3 e5 20. Rf3 Bf5 21. Qxd6
Bxd6 22. Rd1 Nd4 23. Bxd4 exd4 24. Nd5 Kg7 25. Rd2 Rfe8 26. Rb3 b5 27. g3 Bc5
28. Kf1 Bh3+ 29. Ke1 Be6 30. Nc7 Bxc4 31. Nxe8+ Rxe8 32. Rf3 d3 33. Rdxd3 Bxd3
34. Rxd3 1/2-1/2

[Event "DEM U14w 2008"]
[Site "Willingen GER"]
[Date "2008.05.11"]
[Round "2"]
[White "Pohl, Theresa"]
[Black "Schäfer, Daniela"]
[Result "0-1"]
[Termination "normal"]
[Board "4"]
[WhiteElo "1337"]
[BlackElo "1785"]
[PlyCount "50"]
[BlackFideId "4624769"]
[EventCountry "GER"]
[EventRounds "9"]
[EventType "swiss"]
[EventDate "2008.05.10"]

1. d4 d5 2. c4 c6 3. Nc3 Nf6 4. Bg5 Nbd7 5. Nf3 g6 6. e3 Bg7 7. Bd3 O-O 8. O-O
dxc4 9. Bxc4 Nb6 10. Bb3 Nbd5 11. Re1 Nxc3 12. bxc3 Ne4 13. Qc2 Bf5 14. Qb2
Nxg5 15. Nxg5 e6 16. Nf3 Bg4 17. Ne5 Bxe5 18. dxe5 g5 19. f4 Kh8 20. Bc2 gxf4
21. exf4 Qd2 22. Rf1 Qe3+ 23. Kh1 Rg8 24. Rae1 Qd2 25. Qb1 Bh3 0-1

[Event "DEM U14w 2008"]
[Site "Willingen GER"]
[Date "2008.05.11"]
[Round "2"]
[White "Kühnel, Lena"]
[Black "Brühan, Caren"]
[Result "1-0"]
[Termination "normal"]
[Board "5"]
[WhiteElo "1672"]
[BlackElo "1221"]
[PlyCount "63"]
[WhiteFideId "24640956"]
[BlackFideId "24691976"]
[EventCountry "GER"]
[EventRounds "9"]
[EventType "swiss"]
[EventDate "2008.05.10"]

1. e4 c5 2. Nf3 Nc6 3. d4 e6 4. d5 exd5 5. exd5 Nb4 6. c3 Na6 7. Bxa6 bxa6 8.
O-O d6 9. Bf4 Nf6 10. c4 Be7 11. Nc3 O-O 12. Re1 Re8 13. Qc2 h6 14. h3 a5 15.
b3 Bb7 16. Re2 Nh5 17. Bd2 Qd7 18. Ne4 Qf5 19. Bxa5 Ba6 20. Bd2 Nf6 21. Nxf6+
Qxf6 22. Bc3 Qg6 23. Qxg6 fxg6 24. Rae1 Kf8 25. Bxg7+ Kxg7 26. Rxe7+ Rxe7 27.
Rxe7+ Kf8 28. Re6 Re8 29. Rxd6 Re2 30. Rxa6 Ke7 31. Re6+ Rxe6 32. dxe6 1-0

[Event "DEM U14w 2008"]
[Site "Willingen GER"]
[Date "2008.05.11"]
[Round "2"]
[White "Korman, Jewgenija"]
[Black "Orhan, Eda"]
[Result "1-0"]
[Termination "normal"]
[Board "6"]
[WhiteElo "1774"]
[BlackElo "1534"]
[PlyCount "120"]
[WhiteFideId "24606669"]
[BlackFideId "24659258"]
[EventCountry "GER"]
[EventRounds "9"]
[EventType "swiss"]
[EventDate "2008.05.10"]

1. e4 d5 2. exd5 Qxd5 3. Nc3 Qd6 4. d4 Nf6 5. Bc4 a6 6. Bb3 b5 7. f3 Bb7 8.
Nge2 e6 9. Bf4 Qb6 10. Qd2 Bd6 11. a3 Nbd7 12. Ng3 Bxf4 13. Qxf4 c5 14. O-O-O
c4 15. Ba2 O-O 16. Nge4 a5 17. Qd6 Bxe4 18. Qxb6 Nxb6 19. Nxe4 Nxe4 20. fxe4 b4
21. c3 bxc3 22. bxc3 Na4 23. Kc2 Rab8 24. Rb1 Rfc8 25. Bxc4 g6 26. Rxb8 Rxb8
27. Bb3 Nb6 28. Rb1 Rc8 29. Bxe6 fxe6 30. Rxb6 Rf8 31. Rb2 Rf2+ 32. Kb3 a4+ 33.
Ka2 Rf1 34. Rc2 Re1 35. e5 Rd1 36. Rf2 Kg7 37. Kb2 h6 38. h3 h5 39. h4 Rh1 40.
g3 Rg1 41. Rf3 Rg2+ 42. Kb1 Rg1+ 43. Kc2 Rg2+ 44. Kd3 Ra2 45. Rf6 Rxa3 46. Rxe6
Ra1 47. Re7+ Kf8 48. Ra7 a3 49. Kc4 Rg1 50. Rxa3 Rxg3 51. Kd5 g5 52. hxg5 Rxg5
53. Ra1 h4 54. c4 h3 55. Rh1 Rh5 56. Kd6 Rh6+ 57. e6 Ke8 58. d5 Kd8 59. Ra1 Kc8
60. Kc6 Kb8 1-0

[Event "DEM U14w 2008"]
[Site "Willingen GER"]
[Date "2008.05.11"]
[Round "2"]
[White "Schäfer, Ann-Kathrin"]
[Black "Rethmann, Kristin"]
[Result "0-1"]
[Termination "normal"]
[Board "7"]
[WhiteElo "1673"]
[BlackElo "1453"]
[PlyCount "64"]
[WhiteFideId "24615412"]
[BlackFideId "24655805"]
[EventCountry "GER"]
[EventRounds "9"]
[EventType "swiss"]
[EventDate "2008.05.10"]

1. e4 e6 2. d4 d5 3. exd5 exd5 4. Nf3 Bd6 5. Nc3 c6 6. Bd3 Ne7 7. O-O Bf5 8.
Re1 Bxd3 9. Qxd3 Qd7 10. Bd2 O-O 11. Ng5 Qf5 12. Qxf5 Nxf5 13. Nf3 Nd7 14. Re2
Rfe8 15. Rae1 Kf8 16. Ng5 Rxe2 17. Nxe2 h6 18. Nf3 Re8 19. g4 Ne7 20. Bf4 Nc8
21. Kf1 Nf6 22. Bxd6+ Nxd6 23. h3 Nfe4 24. Nf4 Nc4 25. Ne5 Nxe5 26. dxe5 Rxe5
27. f3 Nd2+ 28. Kf2 Rxe1 29. Kxe1 Nxf3+ 30. Kf2 Ne5 31. Ke3 Nc4+ 32. Kd4 Nxb2
0-1

[Event "DEM U14w 2008"]
[Site "Willingen GER"]
[Date "2008.05.11"]
[Round "2"]
[White "Hümmecke, Miriam"]
[Black "Zimmerer, Leah"]
[Result "0-1"]
[Termination "normal"]
[Board "8"]
[WhiteElo "1471"]
[BlackElo "1590"]
[PlyCount "64"]
[BlackFideId "4620240"]
[EventCountry "GER"]
[EventRounds "9"]
[EventType "swiss"]
[EventDate "2008.05.10"]

1. e4 c5 2. c3 Nf6 3. e5 Nd5 4. d4 cxd4 5. Nf3 Nc6 6. cxd4 d6 7. exd6 e6 8. Bc4
Nb6 9. Bb3 Bxd6 10. O-O O-O 11. Nc3 Ne7 12. Ne4 Bc7 13. Bg5 Bd7 14. Qd2 Bc6 15.
Nf6+ Kh8 16. Bc2 Bxf3 17. gxf3 Qd6 18. Ng4 f6 19. Bh4 Nf5 20. Bg3 Nxg3 21. hxg3
Rad8 22. Rad1 f5 23. Ne5 Qe7 24. f4 Bxe5 25. fxe5 Nd5 26. Kg2 Qf7 27. Rh1 h6
28. Rh4 b6 29. Rdh1 Kg8 30. Qg5 Qb7 31. Rxh6 Ne3+ 32. Kh3 Qxh1# 0-1

[Event "DEM U14w 2008"]
[Site "Willingen GER"]
[Date "2008.05.11"]
[Round "2"]
[White "Rogasch, Miriam"]
[Black "Weißenburg, Isabel"]
[Result "0-1"]
[Termination "normal"]
[Board "9"]
[WhiteElo "1560"]
[BlackElo "1406"]
[PlyCount "52"]
[WhiteFideId "4616324"]
[BlackFideId "4612922"]
[EventCountry "GER"]
[EventRounds "9"]
[EventType "swiss"]
[EventDate "2008.05.10"]

1. e4 c5 2. Nf3 d6 3. d4 cxd4 4. Nxd4 Nf6 5. Nc3 a6 6. Be3 e6 7. Bc4 b5 8. Bb3
Be7 9. h3 Bb7 10. Bxe6 fxe6 11. Nxe6 Qd7 12. Nxg7+ Kf7 13. Nf5 b4 14. Ne2 Nc6
15. Neg3 Ne5 16. Qe2 Rac8 17. O-O-O Rhd8 18. Bb6 Rh8 19. f4 Nc4 20. e5 Qa4 21.
exf6 Bxf6 22. Nh6+ Kg7 23. Ngf5+ Kf8 24. Qe6 Bxb2+ 25. Kb1 Na3+ 26. Kxb2 Qxc2+
0-1

[Event "DEM U14w 2008"]
[Site "Willingen GER"]
[Date "2008.05.11"]
[Round "2"]
[White "Marx, Inga"]
[Black "Plumbaum, Nadja"]
[Result "0-1"]
[Termination "normal"]
[Board "10"]
[WhiteElo "1530"]
[BlackElo "1404"]
[PlyCount "64"]
[WhiteFideId "4654749"]
[BlackFideId "24691941"]
[EventCountry "GER"]
[EventRounds "9"]
[EventType "swiss"]
[EventDate "2008.05.10"]

1. e4 c5 2. Nf3 Nc6 3. d4 cxd4 4. Nxd4 g6 5. c4 Bg7 6. Be3 Nf6 7. Nc3 d6 8. Be2
Bd7 9. O-O O-O 10. f3 Qb6 11. Ncb5 a6 12. Nf5 Qd8 13. Nxg7 axb5 14. Bh6 Qb6+
15. Rf2 Rfc8 16. cxb5 Nd4 17. Bd3 Nxb5 18. Qb3 Ra6 19. Bc4 d5 20. exd5 Nd4 21.
Qxb6 Rxb6 22. b3 Rd6 23. Rd1 Nb5 24. Rfd2 Na3 25. Rc1 b5 26. Re1 bxc4 27. Rxe7
c3 28. Rd1 c2 29. Rc1 Rxd5 30. Ree1 Rd8 31. Kf2 Bb5 32. h3 Rd1 0-1

[Event "DEM U14w 2008"]
[Site "Willingen GER"]
[Date "2008.05.11"]
[Round "2"]
[White "Rozenfeld, Elisabeth"]
[Black "Tran, My Linh"]
[Result "0-1"]
[Termination "normal"]
[Board "12"]
[WhiteElo "1372"]
[BlackElo "1480"]
[PlyCount "80"]
[WhiteFideId "4624742"]
[BlackFideId "24682462"]
[EventCountry "GER"]
[EventRounds "9"]
[EventType "swiss"]
[EventDate "2008.05.10"]

1. e4 e5 2. Nf3 Nc6 3. d4 exd4 4. Nxd4 Nf6 5. Nc3 Bb4 6. Nxc6 bxc6 7. Bg5 Qe7
8. Bd3 Qe5 9. f4 Bxc3+ 10. bxc3 Qxc3+ 11. Ke2 d5 12. Kf1 dxe4 13. Bxf6 Qxf6 14.
Bxe4 Qxf4+ 15. Qf3 Qxf3+ 16. Bxf3 O-O 17. Bxc6 Rb8 18. Bd5 Ba6+ 19. Kf2 Rfd8
20. Bb3 Rd2+ 21. Kg3 Re8 22. Rhe1 Rde2 23. Rf1 R2e3+ 24. Rf3 Rxf3+ 25. Kxf3
Bb7+ 26. Kf2 Rd8 27. Rg1 Rd2+ 28. Kg3 Kf8 29. h4 Be4 30. c3 f5 31. Rd1 Rxg2+
32. Kf4 Rg4+ 33. Ke5 Rxh4 34. Be6 Bc6 35. Rd8+ Ke7 36. Rg8 Re4+ 37. Kxf5 Rxe6
38. Rxg7+ Kd6 39. Rxh7 Be4+ 40. Kg5 Bxh7 0-1

[Event "DEM U14w 2008"]
[Site "Willingen GER"]
[Date "2008.05.12"]
[Round "3"]
[White "Klek, Hanna-Marie"]
[Black "Kühnel, Lena"]
[Result "1-0"]
[Termination "normal"]
[Board "1"]
[WhiteElo "1919"]
[BlackElo "1672"]
[PlyCount "45"]
[WhiteFideId "24670057"]
[BlackFideId "24640956"]
[EventCountry "GER"]
[EventRounds "9"]
[EventType "swiss"]
[EventDate "2008.05.10"]

1. e4 e5 2. Nf3 Nc6 3. d4 exd4 4. Nxd4 Nf6 5. Nxc6 bxc6 6. e5 Qe7 7. Qe2 Nd5 8.
c4 Ba6 9. b3 g6 10. Bb2 Bg7 11. Nd2 Nb4 12. Ne4 c5 13. g3 Nc6 14. f4 O-O 15.
Bg2 Rad8 16. O-O Nd4 17. Qf2 d5 18. Nxc5 Ne2+ 19. Kh1 dxc4 20. Nxa6 Rd2 21. Bc3
Nxg3+ 22. Qxg3 Rd3 23. Rf3 1-0

[Event "DEM U14w 2008"]
[Site "Willingen GER"]
[Date "2008.05.12"]
[Round "3"]
[White "Schäfer, Daniela"]
[Black "Schulz, Anja"]
[Result "1/2-1/2"]
[Termination "normal"]
[Board "2"]
[WhiteElo "1785"]
[BlackElo "1863"]
[PlyCount "63"]
[WhiteFideId "4624769"]
[BlackFideId "24647845"]
[EventCountry "GER"]
[EventRounds "9"]
[EventType "swiss"]
[EventDate "2008.05.10"]

1. e4 c5 2. Nf3 d6 3. d4 cxd4 4. Nxd4 Nf6 5. Nc3 a6 6. a4 e5 7. Nde2 Qc7 8. g3
Be7 9. Bg2 O-O 10. h3 h6 11. O-O Be6 12. b3 Rd8 13. Be3 b6 14. Qd2 Nbd7 15. Nd5
Nxd5 16. exd5 Bf5 17. Rac1 Rdc8 18. f4 Bh7 19. f5 Rab8 20. Kh2 b5 21. axb5 Rxb5
22. Rf2 a5 23. g4 Bh4 24. Rff1 f6 25. Ng3 Bg5 26. Bxg5 hxg5 27. Qd3 Rb4 28. Ne4
Nc5 29. Nxc5 Qxc5 30. c4 Rcb8 31. Rc3 Kf8 32. Rf3 1/2-1/2

[Event "DEM U14w 2008"]
[Site "Willingen GER"]
[Date "2008.05.12"]
[Round "3"]
[White "Stark, Saskia"]
[Black "Korman, Jewgenija"]
[Result "1/2-1/2"]
[Termination "normal"]
[Board "3"]
[WhiteElo "1926"]
[BlackElo "1774"]
[PlyCount "58"]
[WhiteFideId "4601050"]
[BlackFideId "24606669"]
[EventCountry "GER"]
[EventRounds "9"]
[EventType "swiss"]
[EventDate "2008.05.10"]

1. e4 c6 2. d4 d5 3. Nc3 dxe4 4. Nxe4 Bf5 5. Nc5 Qc8 6. Nf3 Nd7 7. Nb3 Ngf6 8.
Bd3 Bxd3 9. Qxd3 e6 10. O-O Bd6 11. Nbd2 O-O 12. Nc4 Bc7 13. c3 h6 14. Re1 Rd8
15. Nfe5 Qb8 16. Qg3 Kf8 17. Nxd7+ Rxd7 18. Qh4 Qd8 19. Bf4 Nd5 20. Qxd8+ Raxd8
21. Bxc7 Rxc7 22. Rad1 Nb6 23. Ne5 Na4 24. Rd2 c5 25. Nf3 cxd4 26. Nxd4 Rcd7
27. Rde2 Kg8 28. f4 a6 29. Rf1 Rd5 1/2-1/2

[Event "DEM U14w 2008"]
[Site "Willingen GER"]
[Date "2008.05.12"]
[Round "3"]
[White "Rethmann, Kristin"]
[Black "Kostré, Margarita"]
[Result "0-1"]
[Termination "normal"]
[Board "4"]
[WhiteElo "1453"]
[BlackElo "1752"]
[PlyCount "68"]
[WhiteFideId "24655805"]
[BlackFideId "4673344"]
[EventCountry "GER"]
[EventRounds "9"]
[EventType "swiss"]
[EventDate "2008.05.10"]

1. e4 e5 2. Bc4 Nf6 3. d3 Nc6 4. Nf3 Bc5 5. Bb3 d6 6. c3 Bg4 7. h3 Bh5 8. g4
Bg6 9. Nbd2 Qe7 10. Nf1 Rd8 11. Qe2 d5 12. g5 Nd7 13. Bxd5 Nb6 14. Bb3 O-O 15.
Ng3 Qd7 16. Bc2 Ne7 17. Nxe5 Qd6 18. Nf3 Nd7 19. h4 f5 20. gxf6 Qxf6 21. Bd1
Ne5 22. Nxe5 Bxf2+ 23. Kd2 Qxe5 24. Nf1 Bxe4 25. Rh3 Ng6 26. Bb3+ Kh8 27. Kc2
Bxd3+ 28. Qxd3 Rxd3 29. Rxd3 Qe2+ 30. Bd2 Nxh4 31. Bc4 Qe4 32. Kb3 c6 33. Rd7
b5 34. Bf7 Qa4# 0-1

[Event "DEM U14w 2008"]
[Site "Willingen GER"]
[Date "2008.05.12"]
[Round "3"]
[White "Plumbaum, Nadja"]
[Black "Schätz, Annika"]
[Result "1/2-1/2"]
[Termination "normal"]
[Board "5"]
[WhiteElo "1404"]
[BlackElo "1729"]
[PlyCount "29"]
[WhiteFideId "24691941"]
[BlackFideId "24674796"]
[EventCountry "GER"]
[EventRounds "9"]
[EventType "swiss"]
[EventDate "2008.05.10"]

1. c4 c5 2. g3 b6 3. Bg2 Nc6 4. a3 Bb7 5. Nc3 Nf6 6. b4 e6 7. Rb1 Qc8 8. bxc5
Bxc5 9. Nf3 O-O 10. O-O Na5 11. d3 d5 12. cxd5 Nxd5 13. Nxd5 Bxd5 14. Bb2 Rd8
15. Qd2 1/2-1/2

[Event "DEM U14w 2008"]
[Site "Willingen GER"]
[Date "2008.05.12"]
[Round "3"]
[White "Zimmerer, Leah"]
[Black "Schätz, Bianca"]
[Result "1/2-1/2"]
[Termination "normal"]
[Board "6"]
[WhiteElo "1590"]
[BlackElo "1311"]
[PlyCount "60"]
[WhiteFideId "4620240"]
[BlackFideId "24655821"]
[EventCountry "GER"]
[EventRounds "9"]
[EventType "swiss"]
[EventDate "2008.05.10"]

1. e4 c5 2. Nf3 Nc6 3. d4 cxd4 4. Nxd4 g6 5. Nc3 Bg7 6. Nb3 Nf6 7. g4 d6 8. g5
Nd7 9. h4 Nc5 10. f3 Nxb3 11. axb3 O-O 12. h5 Be6 13. Nd5 Bxd5 14. exd5 Ne5 15.
f4 Nd7 16. Bd3 Nc5 17. f5 Nxd3+ 18. Qxd3 Qe8 19. Qh3 gxf5 20. Qxf5 e6 21. dxe6
Qxe6+ 22. Qxe6 fxe6 23. c3 d5 24. Be3 a6 25. Ke2 Rad8 26. Bb6 Rd7 27. Rad1 Rf5
28. Rhg1 e5 29. Rg4 e4 30. h6 Bh8 1/2-1/2

[Event "DEM U14w 2008"]
[Site "Willingen GER"]
[Date "2008.05.12"]
[Round "3"]
[White "Tran, My Linh"]
[Black "Pohl, Theresa"]
[Result "1-0"]
[Termination "normal"]
[Board "7"]
[WhiteElo "1480"]
[BlackElo "1337"]
[PlyCount "49"]
[WhiteFideId "24682462"]
[EventCountry "GER"]
[EventRounds "9"]
[EventType "swiss"]
[EventDate "2008.05.10"]

1. e4 e6 2. Nf3 d5 3. Nc3 Bb4 4. exd5 exd5 5. d4 Nf6 6. Bg5 O-O 7. Be2 Bg4 8.
O-O c6 9. Ne5 Bxe2 10. Nxe2 Re8 11. Ng3 h6 12. Bxf6 Qxf6 13. Qh5 c5 14. Ng4 Qd6
15. c3 Ba5 16. dxc5 Qxc5 17. Ne3 Nc6 18. b4 Qxc3 19. Nxd5 Qe5 20. bxa5 Qxh5 21.
Nxh5 Re5 22. Ndf4 Rf5 23. g4 Rg5 24. f3 f5 25. h4 1-0

[Event "DEM U14w 2008"]
[Site "Willingen GER"]
[Date "2008.05.12"]
[Round "3"]
[White "Weißenburg, Isabel"]
[Black "Brühan, Caren"]
[Result "1-0"]
[Termination "normal"]
[Board "8"]
[WhiteElo "1406"]
[BlackElo "1221"]
[PlyCount "83"]
[WhiteFideId "4612922"]
[BlackFideId "24691976"]
[EventCountry "GER"]
[EventRounds "9"]
[EventType "swiss"]
[EventDate "2008.05.10"]

1. e4 c5 2. Nf3 Nc6 3. d4 cxd4 4. Nxd4 g6 5. Be3 Bg7 6. f3 Nf6 7. Nc3 O-O 8.
Qd2 e5 9. Ndb5 a6 10. Nd6 Ne8 11. O-O-O Nd4 12. Nc4 b5 13. Nxe5 Bxe5 14. Bxd4
Bf6 15. Nd5 Rb8 16. e5 Bg7 17. f4 d6 18. exd6 Qxd6 19. Bxg7 Kxg7 20. Qc3+ f6
21. Qb4 Qxb4 22. Nxb4 a5 23. Nc6 Rb6 24. Nxa5 Nd6 25. Nb3 Ne4 26. Rd5 Be6 27.
Rxb5 Rc6 28. Nd4 Rd6 29. Nxe6+ Rxe6 30. Bd3 Nf2 31. Rf1 Nxd3+ 32. cxd3 Re2 33.
Rg1 Rd8 34. Kd1 Rf2 35. Rb3 Rxf4 36. Re1 Rf2 37. Re2 Rf1+ 38. Kd2 Rc8 39. Rc3
Rb8 40. Kc2 Ra1 41. a3 Ra2 42. Kb1 1-0